Program evaluation at HEW: Research versus reality (Record no. 1375960)

MARC details
000 -LEADER
fixed length control field 00699nam a2200229Ia 4500
005 - DATE AND TIME OF LATEST TRANSACTION
control field 20250508162337.0
008 - FIXED-LENGTH DATA ELEMENTS--GENERAL INFORMATION
fixed length control field 008 250505s9999 xx 000 0 eng d
020 ## - INTERNATIONAL STANDARD BOOK NUMBER
International Standard Book Number 0-8247-6752-7
037 ## - SOURCE OF ACQUISITION
Stock number Books to be hide in OPAC
040 ## - CATALOGING SOURCE
Original cataloging agency FEDL
Language of cataloging eng
Transcribing agency FEDL
041 ## - LANGUAGE CODE
Language code of text/sound track or separate title eng
Source of code eng
084 ## - COLON CLASSIFICATION NUMBER
Classification number 001.4, ABE
Assigning agency FEDL
100 ## - MAIN ENTRY--PERSONAL NAME
Personal name Abert James G Ed.
9 (RLIN) 772925
245 #0 - TITLE STATEMENT
Title Program evaluation at HEW: Research versus reality
260 ## - PUBLICATION, DISTRIBUTION, ETC.
Place of publication, distribution, etc. New York, USA
Name of publisher, distributor, etc. Marcel Dekker
Date of publication, distribution, etc. 1979
300 ## - PHYSICAL DESCRIPTION
Extent viii, 395p
365 ## - TRADE PRICE
Price type code USD
Price amount 47.5
490 ## - SERIES STATEMENT
Series statement Public administration and public policy
Volume/sequential designation Part 2
650 ## - SUBJECT ADDED ENTRY--TOPICAL TERM
Topical term or geographic name entry element Evaluation Research
9 (RLIN) 772926
942 ## - ADDED ENTRY ELEMENTS (KOHA)
Koha item type Books to be hide in OPAC
Classification part 001.4, ABE
Holdings
Withdrawn status Lost status Damaged status Not for loan Home library Current library Date acquired Cost, normal purchase price Total Checkouts Full call number Barcode Date last seen Price effective from Koha item type
        Department of Education Library Department of Education Library 2025-05-08 47.50   001.4, ABE EL0066421 2025-05-08 2025-05-08 Books to be hide in OPAC
Copyright @ Delhi University Library System